Southville International School and Colleges
Your cart is empty.
  • Cart
  • Lists
    Public lists Eva Luna New books Lux_list list_1
    Your lists Log in to create your own lists
  • Log in to your account
  • Your cookies
  • Search history
Southville International School and Colleges
  • Advanced search
  • Recent comments
  • Most popular
  • Libraries

Log in to your account

Log in with GOOGLE


If you do not have an external account, but do have a local account, you can still log in:

  1. Home
  2. MARC view: Modern chemistry /
Normal view MARC view ISBD view

Modern chemistry / (Record no. 288850)

[ view plain ]
MARC details
000 -LEADER
fixed length control field 00549nam a22001810 4500
001 - CONTROL NUMBER
control field ocm9710805746
003 - CONTROL NUMBER IDENTIFIER
control field PILC
005 - DATE AND TIME OF LATEST TRANSACTION
control field 20151013085110.0
008 - FIXED-LENGTH DATA ELEMENTS--GENERAL INFORMATION
fixed length control field 980521s1982
020 ## - INTERNATIONAL STANDARD BOOK NUMBER
International Standard Book Number 9710805746
050 ## - LIBRARY OF CONGRESS CALL NUMBER
Classification number QD 33
Item number .M565 1982
100 1# - MAIN ENTRY--PERSONAL NAME
Personal name Metcalfe, H. Clark.
245 10 - TITLE STATEMENT
Title Modern chemistry /
Statement of responsibility, etc H. Clark Metcalfe, John E. Williams, Joseph F. Catska.
260 ## - PUBLICATION, DISTRIBUTION, ETC. (IMPRINT)
Place of publication, distribution, etc New York :
Name of publisher, distributor, etc Holt, Rinehart and Winston,
Date of publication, distribution, etc 1982.
300 ## - PHYSICAL DESCRIPTION
Extent viii, 694 pages :
Other physical details illustrations ;
Dimensions 23 cm.
650 ## - SUBJECT ADDED ENTRY--TOPICAL TERM
Topical term or geographic name as entry element Chemistry.
942 ## - ADDED ENTRY ELEMENTS (KOHA)
Source of classification or shelving scheme Library of Congress Classification
Koha item type Books
Call number prefix Foreign

No items available.

Modern chemistry /

APA

Metcalfe H. C., . (1982). Modern chemistry. New York: Holt, Rinehart and Winston.

Chicago

Metcalfe H Clark, . 1982. Modern chemistry. New York: Holt, Rinehart and Winston.

Harvard

Metcalfe H. C., . (1982). Modern chemistry. New York: Holt, Rinehart and Winston.

MLA

Metcalfe H Clark, . Modern chemistry. New York: Holt, Rinehart and Winston. 1982.

  • Print
  • Cite
  • Add to your cart (remove)
  • Save record
    BIBTEX Dublin Core MARCXML MARC (non-Unicode/MARC-8) MARC (Unicode/UTF-8) MARC (Unicode/UTF-8, Standard) MODS (XML) RIS
  • More searches
    Search for this title in:
    Other Libraries (WorldCat) Other Databases (Google Scholar) Online Stores (Bookfinder.com) Open Library (openlibrary.org)

Exporting to Dublin Core...

SOUTHVILLE LIBRARY

Southville International School and Colleges Library

1281 Tropical Ave. Cor. Luxembourg St., BF Homes International, Las Pinas City

Tel. No. 8256374 / 252358 Loc. 117/146

Powered by Koha